Technology of meat and meat products
A contemporary survey of the industrial processes used to prepare meat, which covers freezing, cooking, preservation and comminuted products. Each section is supported by references to the technical literature. Emphasis is placed on qualities which make the product attractive to the consumer.
محفوظ في:
| التنسيق: | كتاب |
|---|---|
| اللغة: | Undetermined |
| منشور في: |
New York
Ellis Horwood
1992
|
| الموضوعات: | |
| الوسوم: |
إضافة وسم
لا توجد وسوم, كن أول من يضع وسما على هذه التسجيلة!
|
| Thư viện lưu trữ: | Trung tâm Học liệu Trường Đại học Cần Thơ |
|---|
| LEADER | 00978nam a2200193Ia 4500 | ||
|---|---|---|---|
| 001 | CTU_144838 | ||
| 008 | 210402s9999 xx 000 0 und d | ||
| 082 | |a 664.92 | ||
| 082 | |b T255 | ||
| 245 | 0 | |a Technology of meat and meat products | |
| 245 | 0 | |c Edited by Jean Pierre Girard ; translated by Bernard Hemmings and A.T.T. Clermont-Ferrand ; translation editor, Ian Morton | |
| 260 | |a New York | ||
| 260 | |b Ellis Horwood | ||
| 260 | |c 1992 | ||
| 520 | |a A contemporary survey of the industrial processes used to prepare meat, which covers freezing, cooking, preservation and comminuted products. Each section is supported by references to the technical literature. Emphasis is placed on qualities which make the product attractive to the consumer. | ||
| 650 | |a Meat industry and trade,Meat,Công nghiệp và thương mại thịt,Thịt | ||
| 650 | |x Preservation,Bảo quản | ||
| 904 | |i Trọng Hải | ||
| 980 | |a Trung tâm Học liệu Trường Đại học Cần Thơ | ||